ბათუმის შოთა რუსთაველის სახელმწიფო უნივერსიტეტის ბიბლიოთეკა

ხუთი პოემა. (ბიბ.ჩანაწერი № 41748)

000 -LEADER
fixed length control field 00947nam a2200229Ia 4500
001 - CONTROL NUMBER
control field 8429
003 - CONTROL NUMBER IDENTIFIER
control field GE_BSU
008 - FIXED-LENGTH DATA ELEMENTS--GENERAL INFORMATION
fixed length control field 181216s||||||||xx |||||||||||||| ||und||
040 ## - CATALOGING SOURCE
Transcribing agency GE_BSU
080 ## - UNIVERSAL DECIMAL CLASSIFICATION NUMBER
Universal Decimal Classification number 821.353.1-11
100 ## - MAIN ENTRY--PERSONAL NAME
Personal name ვაჟა-ფშაველა
245 ## - TITLE STATEMENT
Title ხუთი პოემა.
245 ## - TITLE STATEMENT
Statement of responsibility, etc. სარედ. კოლეგია:ივანე გიგინეიშვილი; ჯუმბერ ჭუმბურიძე; რედ: გრიგოლ კიკნაძე.
250 ## - EDITION STATEMENT
Edition statement ვაჟა–ფშაველას კაბინეტი.
260 ## - PUBLICATION, DISTRIBUTION, ETC.
Place of publication, distribution, etc. თბილისი.
260 ## - PUBLICATION, DISTRIBUTION, ETC.
Name of publisher, distributor, etc. უნ–ტის გამ–ბა.
260 ## - PUBLICATION, DISTRIBUTION, ETC.
Date of publication, distribution, etc. 1975
300 ## - PHYSICAL DESCRIPTION
Extent 461 გვ; ილ; 22 სმ.
300 ## - PHYSICAL DESCRIPTION
Other physical details ლექსიკონი, კომენტარები, ძირითადი ლიტ: გვ. 403–459.
653 ## - INDEX TERM--UNCONTROLLED
Uncontrolled term ხუთი პოემა.
942 ## - ADDED ENTRY ELEMENTS (KOHA)
Koha item type წიგნი
ეგზემპლარები
Withdrawn status Lost status Damaged status Not for loan Date acquired Barcode Date last seen Price effective from Koha item type
        2018-12-17 30519 2018-12-17 2018-12-17 წიგნი
        2018-12-17 30520 2018-12-17 2018-12-17 წიგნი